AutoCad for electronics : (Record no. 175560)
[ view plain ]
| 000 -LEADER | |
|---|---|
| fixed length control field | 00933 a2200217 4500 |
| 003 - CONTROL NUMBER IDENTIFIER | |
| control field | Nust |
| 005 - DATE AND TIME OF LATEST TRANSACTION | |
| control field | 20220812145416.0 |
| 010 ## - LIBRARY OF CONGRESS CONTROL NUMBER | |
| LC control number | 95034468 |
| 020 ## - INTERNATIONAL STANDARD BOOK NUMBER | |
| International Standard Book Number | 0132326388 |
| 035 ## - SYSTEM CONTROL NUMBER | |
| System control number | (DLC) 95034468 |
| 040 ## - CATALOGING SOURCE | |
| Transcribing agency | Nust |
| 082 00 - DEWEY DECIMAL CLASSIFICATION NUMBER | |
| Classification number | 621.38102855,TUM |
| 100 1# - MAIN ENTRY--PERSONAL NAME | |
| Personal name | Tumilty, Thomas, |
| 9 (RLIN) | 97019 |
| 245 10 - TITLE STATEMENT | |
| Title | AutoCad for electronics : |
| Remainder of title | a tutorial / |
| Statement of responsibility, etc. | Thomas Tumilty. |
| 250 ## - EDITION STATEMENT | |
| Edition statement | 2nd ed. |
| 260 ## - PUBLICATION, DISTRIBUTION, ETC. | |
| Place of publication, distribution, etc. | Englewood Cliffs, N.J. : |
| Name of publisher, distributor, etc. | Prentice Hall, |
| Date of publication, distribution, etc. | c1996. |
| 300 ## - PHYSICAL DESCRIPTION | |
| Extent | xxxiv, 412 p. : |
| Other physical details | ill. ; |
| Dimensions | 28 cm. + |
| Accompanying material | 1 computer disk (3 1/2 in.) |
| 505 ## - FORMATTED CONTENTS NOTE | |
| Formatted contents note | Introduction (Page-1), Getting to know the Computer Environment (Page-17), Getting Auto CAD up and Running (Page-47), The Schematic (Page-103), The Printed Circuit Board (Page-153),Main Assembly Drawing and Front Panel (Page-213), Using the Printer and Plotter (Page-243), Summary of Auto CAD Commands (Page-267). |
| 650 #0 - SUBJECT ADDED ENTRY--TOPICAL TERM | |
| Topical term or geographic name entry element | Telecommunication Engineering. |
| 942 ## - ADDED ENTRY ELEMENTS (KOHA) | |
| Koha item type | Reference |
| Source of classification or shelving scheme | |
| Withdrawn status | Lost status | Source of classification or shelving scheme | Damaged status | Not for loan | Permanent Location | Current Location | Shelving location | Date acquired | Full call number | Barcode | Date last seen | Price effective from | Koha item type | Public note |
|---|---|---|---|---|---|---|---|---|---|---|---|---|---|---|
| Military College of Signals (MCS) | Military College of Signals (MCS) | Reference | 12/12/2016 | 621.38102855,TUM | MCS5632 | 12/08/2016 | 12/12/2016 | Reference | Almirah No.21, Shelf No.2 |
